000 00219nam a22000857a 4500
008 170130b xxu||||| |||| 00| 0 eng d
100 _92677
_aShah.V.et al
245 _aCmmunity lay Leader(CLHTC)
260 _aVellore
_bCMC
_c2011
999 _c5832
_d5832